LEADER 03362nam 2200649Ia 450 001 9910450660103321 005 20200520144314.0 010 $a1-280-17849-3 010 $a9786610178490 010 $a6610178496 010 $a0-203-32881-7 010 $a0-203-19159-5 035 $a(CKB)1000000000248083 035 $a(EBL)179758 035 $a(OCoLC)212828352 035 $a(SSID)ssj0000289777 035 $a(PQKBManifestationID)11222060 035 $a(PQKBTitleCode)TC0000289777 035 $a(PQKBWorkID)10401446 035 $a(PQKB)11491426 035 $a(MiAaPQ)EBC179758 035 $a(Au-PeEL)EBL179758 035 $a(CaPaEBR)ebr10060901 035 $a(CaONFJC)MIL17849 035 $a(EXLCZ)991000000000248083 100 $a20020624d2002 uy 0 101 0 $aeng 135 $aur|n|---||||| 181 $ctxt 182 $cc 183 $acr 200 10$aBehaviour problems in young children$b[electronic resource] $eassessment and management /$fJo Douglas 205 $aTaylor & Francis e-Library ed. 210 $aLondon ;$aNew York $cTavistock/Routledge$d2002 215 $a1 online resource (229 p.) 300 $aDescription based upon print version of record. 311 $a0-367-09510-6 311 $a0-415-02248-7 320 $aIncludes bibliographical references. 327 $aBook Cover; Title; Contents; Preface; Acknowledgements; Introduction: causes of behaviour problems; Continuity; Causes of behaviour problems; Protective factors; Summary; Assessment of the problem; Listening to parents; The initial interview; Developmental assessment; Family assessment; Behavioural assessment; Summary; Positive parenting; Looking on the bright side; Setting goals of treatment; Using specific rewards; Developing parents' confidence; Summary; Setting limits; Temper tantrums; Non-compliance; Sibling rivalry and aggression; Arrival of a new baby; Summary 327 $aEating and feeding difficultiesTypes of eating problems; Assessment of feeding problems; Management of feeding problems; Obesity; Pica; Summary; Toilet training; Diurnal enuresis; Nocturnal enuresis; Encopresis; Prevention; Bedtime and sleep problems; Causes of sleep problems; Types of sleep problems; Assessment of sleep problems; Methods of treatment; Prevention; Summary; Emotional problems; Habits; Bereavement; Divorce and parental separation; Summary; The overactive and hyperactive child; Causes of hyperactivity; Assessment of hyperactive behaviour; Management of hyperactive behaviour 327 $aSummaryCrying babies; Prevalence; Assessment of crying babies; Management of crying babies; Summary; References; Index 330 $aThis comprehensive account of emotional and behavioural problems in young children is also a practical guide to the assessment and management of such children. It will be invaluable to all health professionals. 606 $aBehavior disorders in children 606 $aChild psychopathology 608 $aElectronic books. 615 0$aBehavior disorders in children. 615 0$aChild psychopathology. 676 $a618.92/89 700 $aDouglas$b Jo$f1950-$0890223 801 0$bMiAaPQ 801 1$bMiAaPQ 801 2$bMiAaPQ 906 $aBOOK 912 $a9910450660103321 996 $aBehaviour problems in young children$91988673 997 $aUNINA LEADER 01491nam 2200325z- 450 001 9910694073003321 005 20090506082107.0 035 $a(CKB)5860000000021743 035 $a(BIP)013643611 035 $a(EXLCZ)995860000000021743 100 $a20220406c2005uuuu -u- - 101 0 $aeng 200 10$aElectronic waste $ean examination of current activity, implications for environmental stewardship, and the proper federal role : hearings before the Subcommittee on Environment and Hazardous Materials of the Committee on Energy and Commerce, House of Representatives, One Hundred Ninth Congress, first session, July 20 and September 8, 2005 215 $a1 online resource (iii, 294 p.) 311 $a0-16-075213-2 517 $aElectronic waste 606 $aElectronic waste$zUnited States$xManagement 606 $aHazardous wastes$zUnited States$xManagement 606 $aElectric apparatus and appliances$xMaterials$xRecycling$zUnited States 610 $aHazardous wastes 610 $aElectric apparatus and appliances 610 $aTechnology & engineering 615 0$aElectronic waste$xManagement. 615 0$aHazardous wastes$xManagement. 615 0$aElectric apparatus and appliances$xMaterials$xRecycling 712 02$aUnited States, Congress House Committee on Energy and Commerce Subcommittee on Environment and Hazardous Materials Staff,$4oth 906 $aBOOK 912 $a9910694073003321 996 $aElectronic Waste$91412289 997 $aUNINA